00308nam a2200109 a 4500008004100000050001100041100002100052245005500073246005200128260000900180350000900189120416s9999 ||||||||||||||||| || u aTHESIS aNanyinza, Emelda10aSustainability of free primary education in Zambia aa case of Copperbelt Government Primary Schools a2002 a0.00